| 000 | 00742nam a2200253 i 4500 | ||
|---|---|---|---|
| 001 | bg | ||
| 100 | 1 | _aZAWADZKI, Witold | |
| 245 | 1 | 0 |
_aNorton Commander 5.0 PL w praktyce / _cWitold Zawadzki, Andrzej Kierzkowski. |
| 250 | _aWyd. 2. | ||
| 260 |
_aGliwice : _b"Helion", _ccop. 1995. |
||
| 300 |
_a213 s. ; _c24 cm. |
||
| 504 | _aBibliogr. s. 2. - Indeks. | ||
| 521 | _aKsiążka pomocnicza do nauki informatyki na poziomie szkoły średniej. | ||
| 630 | 0 | 9 | _aNorton Commander |
| 655 | _aPodręczniki | ||
| 700 | 1 | _aKIERZKOWSKI, Andrzej | |
| 020 | _a8385718021 | ||
| 040 | _cBPK | ||
| 041 | 0 | _apl | |
| 080 | _a004.42(07)Norton Commander | ||
| 920 | _a83-85718-02-1 | ||
| 942 | _cKS | ||
| 008 | s pl f |000 0 pol | ||
| 999 |
_c37447 _d37447 |
||
| 856 |
_uhttp://koha.tu.koszalin.pl/cgi-bin/koha/opac-detail.pl?biblionumber=37447 _yKatalog online BPK |
||